Photonics, devices and systems III : 8-11 June 2005, Prague, Czech Republic /

Bibliographic Details
Corporate Authors: Czech and Slovak Society for Photonics, Action M Agency (Firm), United States. Air Force. European Office of Aerospace Research and Development, Society of Photo-optical Instrumentation Engineers, International Conference on Photonics, Devices, and Systems
Other Authors: Tománek, Pavel
Format: Conference Proceeding Book
Language:English
Published: Bellingham, Washington : SPIE, [2006]
Series:Proceedings of SPIE--the International Society for Optical Engineering ; v. 6180.
Subjects:

MARC

Tag First Indicator Second Indicator Subfields
LEADER 00000cam a2200000 a 4500
001 in00002119082
005 20151103062028.0
008 060220s2006 waua b 101 0 eng d
020 |a 0819462365 
035 |a (OCoLC)ocm64130521 
040 |a CUS  |c CUS  |d TXA  |d UtOrBLW 
049 |a TXAM 
082 0 |a 621.36 
090 |a TA1505  |b .P494 2006 
245 0 0 |a Photonics, devices and systems III :  |b 8-11 June 2005, Prague, Czech Republic /  |c Pavel Tománek [and others], editors ; organized by ČSSF--Czech and Slovak Society for Photonics [and] Action M Agency (Czech Republic) ; sponsored by EOARD--European Office of Aerospace Research and Development [and others]. 
246 3 0 |a Photonics, devices and systems three 
246 3 |a Photonics, devices and systems 3 
264 1 |a Bellingham, Washington :  |b SPIE,  |c [2006] 
264 4 |c ©2006 
300 |a 1 volume (various pagings) :  |b illustrations ;  |c 28 cm. 
336 |a text  |b txt  |2 rdacontent 
337 |a unmediated  |b n  |2 rdamedia 
338 |a volume  |b nc  |2 rdacarrier 
490 1 |a Proceedings / SPIE--the International Society for Optical Engineering ;  |v v. 6180 
500 |a " ... 5th International Conference on Photonics, Devices, and System[s] ..."--p. xvii. 
504 |a Includes bibliographical references and index. 
650 0 |a Photonics  |v Congresses. 
650 0 |a Optical instruments  |v Congresses. 
700 1 |a Tománek, Pavel. 
710 2 |a Czech and Slovak Society for Photonics. 
710 2 |a Action M Agency (Firm) 
710 1 |a United States.  |b Air Force.  |b European Office of Aerospace Research and Development. 
710 2 |a Society of Photo-optical Instrumentation Engineers. 
711 2 |a International Conference on Photonics, Devices, and Systems. 
830 0 |a Proceedings of SPIE--the International Society for Optical Engineering ;  |v v. 6180. 
948 |a cataloged  |b h  |c 2006/4/18  |d c  |e dmitchel  |f 2:30:20 pm 
994 |a C0  |b TXA 
999 |a MARS 
999 f f |s d8ed269f-7d76-3b1a-a091-42f295ade6a5  |i 4d74a18c-1ad5-3008-83a2-0316185d7c15  |t 0 
952 f f |p ric  |a Texas A&M University  |b Rellis Campus  |c Joint Library Facility  |d Remote Storage  |t 0  |e TA1505 .P494 2006  |h Library of Congress classification  |i unmediated -- volume  |m A14834053422 
998 f f |a TA1505 .P494 2006  |t 0  |l Remote Storage